Statistiche per Quiz Cultura Generale - Quiz n°43

Clicka qui per fare il quiz!

Statistiche generali

  • Questo quiz è stato fatto 88 volte
  • Il punteggio medio è 9 su 15

Statistiche sulle risposte

DomandaRisposta% Corretto
Qual è il participio passato del verbo "reggere"?Retto
90%
Secondo la tradizione cristiana, quanti sono i peccati capitali?7
89%
Come si chiama la massima serie del campionato inglese di calcio?Premier League
79%
Come si chiama il piatto tipico della cucina francese a base di lumache?Escargot
71%
Qual è lo pseudonimo del cantante Adelmo Fornaciari?Zucchero
71%
Come si traduce il termine inglese "Queue"?Coda
70%
Chi ha diretto il film "Johnny Stecchino" del 1991?Roberto Benigni
66%
Quale stato si è reso indipendente dalla Serbia nel 2006?Montenegro
59%
In quale parte del nostro scheletro troviamo l'osso del pube?Cinto pelvico
55%
Di quale movimento artistico fu uno dei maggiori esponenti Édouard Manet?Impressionismo
53%
Com'è detto un poligono con quattro lati e quattro angoli congruenti?Quadrato
47%
Quale divinità romana corrispondeva alla greca Artemide?Diana
41%
Quale generale romano sconfisse i cartaginesi presso Zama nel 202 a.C.?Publio Cornelio Scipione
36%
Quale espressione latina indica l'esercizio delle funzioni assegnate ad un esercitatore provvisorio, e in attesa della nomina di uno nuovo?Ad interim
29%
Qual è il comparativo di maggioranza dell'avverbio "molto"?Più
25%

Distribuzione punteggi

Percentile per numero di risposta

Percentuale di utenti per punteggio

I tuoi punteggi nel tempo

Non hai fatto questo quiz